| 000 | 00000nam##2200000za#4500 |
| 001 | 9.662255 |
| 003 | CaOODSP |
| 005 | 20240527135428 |
| 007 | ta |
| 008 | 150407|2000||||xxc||||| f|0| 0 eng|d |
| 020 | |a0-662-65296-7 |
| 040 | |aCaOODSP|beng |
| 041 | |aeng |
| 041 | |afre |
| 043 | |an-cn--- |
| 086 | 1 |aCW66-190/2000 |
| 110 | 2 |aCanadian Wildlife Service. |
| 245 | 10|aCanadian Wildlife Service strategic plan 2000 : |bthe path forward for Environment Canada's Wildlife Conservation Program |
| 260 | |aOttawa - Ontario : |bEnvironment Canada. |c2000. |
| 300 | |a23p. : |bcoloured illus. ; |c28 cm. |
| 563 | |aSoftcover |
| 590 | |a02-13|b2002-03-28 |
| 690 | 07|aNature conservation|2gcpds |
| 690 | 07|aWildlife|2gcpds |
| 690 | 07|aStrategies|2gcpds |
| 776 | 0#|tPlan stratégique du Service canadien de la faune 2000 : |w(CaOODSP)9.639901 |
| 776 | 0#|tCanadian Wildlife Service strategic plan 2000 : |w(CaOODSP)9.695781 |
| 792 | |tService canadien de la faune, Plan stratégique 2000 : |efre|w(CaOODSP)9.662256 |